Gruppi di Sette #3 - Statistics

Statistiche generali
  • Questo quiz è stato fatto 3.653 volte
  • Il punteggio medio è 28 su 56
Statistiche sulle risposte
Group Risposta % Corretto
Nazioni europee con meno di 5000 km2 Città del Vaticano
88%
Nazioni europee con meno di 5000 km2 San Marino
88%
Nazioni europee con meno di 5000 km2 Andorra
85%
Nazioni sulle Ande Argentina
83%
Nazioni sulle Ande Cile
83%
Nazioni europee con meno di 5000 km2 Lussemburgo
83%
Nazioni europee con meno di 5000 km2 Liechtenstein
81%
Nazioni europee con meno di 5000 km2 Monaco
81%
Nazioni sulle Ande Peru
81%
Squadre in cui ha giocato Ronaldo Real Madrid
81%
Nazioni sulle Ande Colombia
79%
Nazioni sulle Ande Bolivia
78%
Nazioni sulle Ande Ecuador
77%
Fratelli Weasley Ron
77%
Nazioni sulle Ande Venezuela
76%
Nazioni europee con meno di 5000 km2 Malta
75%
Squadre in cui ha giocato Ronaldo Inter
67%
Segretari generali URSS Iosif Stalin
64%
Squadre in cui ha giocato Ronaldo Milan
64%
Squadre in cui ha giocato Ronaldo Barcellona
62%
Fratelli Weasley Ginny
60%
Segretari generali URSS Vladimir Lenin
60%
Sette colli di Roma Quirinale
59%
Fratelli Weasley Fred
57%
Fratelli Weasley George
57%
Sette colli di Roma Palatino
56%
Isole delle Eolie Vulcano
51%
Sette colli di Roma Aventino
48%
Isole delle Eolie Stromboli
47%
Sette colli di Roma Esquilino
42%
Sette colli di Roma Viminale
41%
Fratelli Weasley Percy
39%
Sette colli di Roma Campidoglio
37%
Isole delle Eolie Lipari
35%
Parti dello spettro elettromagnetico Ultravioletto
35%
Segretari generali URSS Mikhail Gorbaciov
34%
Fratelli Weasley Bill
33%
Parti dello spettro elettromagnetico Infrarossi
33%
Fratelli Weasley Charlie
31%
Parti dello spettro elettromagnetico Raggi Gamma
31%
Parti dello spettro elettromagnetico Raggi-X
31%
Sette colli di Roma Celio
29%
Squadre in cui ha giocato Ronaldo PSV Eindhoven
29%
Parti dello spettro elettromagnetico Visibile
27%
Parti dello spettro elettromagnetico Microonde
24%
Parti dello spettro elettromagnetico Onde Radio
24%
Isole delle Eolie Alicudi
23%
Isole delle Eolie Filicudi
23%
Isole delle Eolie Panarea
23%
Segretari generali URSS Nikita Chrushev
21%
Isole delle Eolie Salina
18%
Squadre in cui ha giocato Ronaldo Cruzeiro
17%
Segretari generali URSS Leonid Brezhnev
16%
Squadre in cui ha giocato Ronaldo Corinthians
14%
Segretari generali URSS Yuri Andropov
11%
Segretari generali URSS Konstantin Chernenko
9%
Nessun quiz corrispondente trovato
Distribuzione punteggi
Percentuale di utenti per punteggio
Percentile per numero di risposta
I tuoi punteggi nel tempo
Non hai fatto questo quiz